[Event "Regionalliga SW 1011"]
[Site "Bayern"]
[Date "2010.12.12"]
[Round "4.3"]
[White "Boehm, Uwe"]
[Black "Friedl, Helmut"]
[Result "0-1"]
[WhiteElo "2085"]
[BlackElo "1933"]
[PlyCount "96"]
[EventDate "2010.10.10"]
[EventType "team-tourn"]
[EventRounds "9"]
[EventCountry "GER"]
[SourceTitle "EXT 2012"]
[Source "ChessBase"]
[SourceDate "2011.11.24"]
[SourceVersion "1"]
[SourceVersionDate "2011.11.24"]
[SourceQuality "1"]
[WhiteTeam "Muenchen Siemens"]
[BlackTeam "Goeggingen"]
[WhiteTeamCountry "GER"]
[BlackTeamCountry "GER"]

1. d4 Nf6 2. Nc3 d5 3. Bg5 Bf5 4. Bxf6 exf6 5. e3 c6 6. Bd3 Bxd3 7. Qxd3 Bb4 8. Nge2 0-0 9. g4 b5 10. 0-0-0 a5 11. h4 Na6 12. Rdg1 a4 13. g5 Bxc3 14. Nxc3 b4 15. Nxa4 Nc7 16. b3 Nb5 17. Rg2 f5 18. Qxf5 Rxa4 19. bxa4 Nc3 20. h5 Nxa2+ 21. Kd2 Qa5 22. Ke2 Nc3+ 23. Kf3 Ne4 24. Kg4 Qd8 25. Kh3 g6 26. hxg6 hxg6 27. Qg4 Kg7 28. Kh2 Qa5 29. f3 b3 30. Rf1 Nd2 31. Rff2 bxc2 32. Qf4 c1Q 33. Qe5+ Kg8 34. Kg3 Nf1+ 35. Kf4 Qxe3+ 36. Qxe3 Nxe3 37. Kxe3 Re8+ 38. Kf4 Qxa4 39. Rd2 c5 40. Kg3 cxd4 41. Rh2 Kg7 42. Rh4 Re5 43. Rg4 Qb4 44. Rgxd4 Rxg5+ 45. Kf4 Rf5+ 46. Kg4 Qe7 47. f4 Rh5 48. Kg3 Qe3+ 0-1